|
|
|
|
| LEADER |
00000nab a2200000 a 4500 |
| 001 |
vtls000673647 |
| 003 |
SK-MaSNL |
| 005 |
20260304091155.0 |
| 008 |
250425c1998 xo 0 slo |
| 015 |
|
|
|a SNBRB1998/10-27397
|
| 035 |
|
|
|a CLN000025823
|
| 035 |
|
|
|a urn:nbn:sk:snk-ab22sb
|
| 035 |
|
|
|a (urnnbn)urn:nbn:sk:snk:ar-a01gp6
|
| 035 |
|
|
|a (uuid)2d283783-c8a6-4377-b118-5c5906d2ce8c
|
| 040 |
|
|
|a SNKBUCL
|b slo
|c SNKBUCL
|e AACR2
|
| 041 |
0 |
|
|a slo
|
| 044 |
|
|
|a xo
|c SK
|
| 080 |
|
|
|a 78.01
|2 1997
|
| 100 |
1 |
|
|a Rosen, Charles,
|d 1927-
|4 aut
|9 536445
|
| 245 |
1 |
0 |
|a Kto sa bojí avantgardy?
|c Charles Rosen ; preložila Katarína Lakotová
|
| 300 |
|
|
|b Obr.
|
| 500 |
|
|
|a Reakcia na článok Historický prejav Juliana Lloyda Webbera / J.L.Webber: Hudobný život '98 - Roč. 30, č. 14-15 (1998), s. 1 a 3
|
| 500 |
|
|
|a Dokončenie v budúcom čísle
|
| 600 |
1 |
7 |
|a Webber, Julian Lloyd,
|d 1951-
|2 snkbucl
|9 1300821
|
| 650 |
0 |
7 |
|a vážna hudba
|2 snkbucl
|9 3218
|
| 651 |
|
7 |
|a Európa západná
|2 snkbucl
|9 162640
|
| 655 |
|
7 |
|a články z novín a časopisov
|2 snkbucl
|9 267496
|
| 700 |
1 |
|
|a Lakotová, Katarína
|4 trl
|9 8857
|
| 773 |
0 |
|
|t Hudobný život '98
|g Roč. 30, č. 18 (1998), s. 1 a 3
|
| 850 |
|
|
|a Slovenská národná knižnica
|
| 852 |
|
|
|a Slovenská národná knižnica
|
| 954 |
|
|
|a odborná, vedecká literatúra pôvodná (slovenská)
|2 lita
|
| 958 |
|
|
|a article27
|
| 958 |
|
|
|a OND
|
| 958 |
|
|
|a EUIPO
|
| 992 |
|
|
|a RBX
|
| 999 |
|
|
|c 2814447
|d 2816377
|